[Event "USA Women Championship"]
[Site "St Louis USA"]
[Date "2010.07.18"]
[EventDate "2010.07.10"]
[Round "8"]
[Result "1/2-1/2"]
[White "Tatev Abrahamyan"]
[Black "Anna Zatonskih"]
[WhiteElo "2310"]
[BlackElo "2470"]
[PlyCount "115"]

1. e4 c6 2. d4 d5 3. Nc3 dxe4 4. Nxe4 Bf5 5. Ng3 Bg6 6. h4 h6
7. Nf3 Nd7 8. h5 Bh7 9. Bd3 Bxd3 10. Qxd3 e6 11. Bd2 Ngf6
12. O-O-O Be7 13. Kb1 Qb6 14. Ne4 Nxe4 15. Qxe4 Nf6 16. Qe2
Qb5 17. c4 Qf5+ 18. Ka1 O-O-O 19. Be3 Ng4 20. Bc1 Rhe8 21. Ne5
Nxe5 22. dxe5 Bc5 23. f4 Qh7 24. a3 Qg8 25. Ka2 Rxd1 26. Rxd1
Rd8 27. b4 Rxd1 28. Qxd1 Be7 29. Bb2 a6 30. g4 g6 31. hxg6
fxg6 32. Qh1 Qf8 33. Bc1 g5 34. Qe4 gxf4 35. Qxf4 Qg8 36. Qe4
Bg5 37. Bb2 Qf7 38. Kb3 Qf1 39. Ka2 Kd8 40. Qd4+ Ke8 41. Qe4
Qf4 42. Qe2 Qe3 43. Qc2 Qf4 44. Qe2 Kf8 45. Kb1 Kg7 46. Kc2
Kf7 47. Qd3 Qxg4 48. Qh7+ Ke8 49. Qg8+ Kd7 50. Qg7+ Kc8
51. Qg8+ Kd7 52. Qg7+ Kd8 53. Qg8+ Kc7 54. Qf7+ Kc8 55. Qg8+
Kc7 56. Qf7+ Kb8 57. Qf8+ Kc7 58. Qf7+ 1/2-1/2

[Event "USA Women Championship"]
[Site "St Louis USA"]
[Date "2010.07.19"]
[EventDate "2010.07.10"]
[Round "9"]
[Result "1/2-1/2"]
[White "Anna Zatonskih"]
[Black "Sabina-Francesca Foisor"]
[WhiteElo "2470"]
[BlackElo "2317"]
[PlyCount "80"]

1. d4 d5 2. c4 c6 3. Nc3 Nf6 4. Nf3 a6 5. a4 e6 6. g3 c5
7. cxd5 cxd4 8. Nxd4 Nxd5 9. Nc2 Nxc3 10. Qxd8+ Kxd8 11. bxc3
Bd7 12. Bg2 Bc6 13. Bxc6 Nxc6 14. Rb1 Kc7 15. Bf4+ e5 16. Be3
Rc8 17. O-O Be7 18. Bb6+ Kb8 19. Rfd1 Bd8 20. Be3 Ba5 21. Nb4
Bxb4 22. cxb4 Rhd8 23. Bc5 b5 24. axb5 axb5 25. e4 f6 26. Kg2
Kb7 27. Ra1 Ra8 28. Rxa8 Kxa8 29. Rxd8+ Nxd8 30. f4 Kb7 31. f5
Kc7 32. Bf8 g6 33. Be7 Nc6 34. Bxf6 Kd6 35. Bg7 Ke7 36. Kf3
Kf7 37. Bh8 Kg8 38. Bf6 Kf7 39. Bh8 Kg8 40. Bf6 Kf7 1/2-1/2

[Event "Chess Olympiad (Women)"]
[Site "Khanty-Mansiysk RUS"]
[Date "2010.09.23"]
[EventDate "2010.09.21"]
[Round "3"]
[Result "1/2-1/2"]
[White "Claudia Noemi Amura"]
[Black "Anna Zatonskih"]
[WhiteElo "2329"]
[BlackElo "2480"]
[PlyCount "92"]

1. d4 d5 2. Bg5 h6 3. Bh4 c6 4. Nf3 Qb6 5. b3 Bf5 6. e3 e6
7. Bd3 Bxd3 8. Qxd3 Ne7 9. O-O Nf5 10. Bg3 Nd7 11. c4 Be7
12. Nc3 Nxg3 13. hxg3 O-O 14. Rfd1 Rfd8 15. Rac1 Qa6 16. g4
Rac8 17. Qf1 Qa5 18. Qd3 Nf6 19. Ne5 Bd6 20. cxd5 cxd5 21. f3
Bb4 22. Na4 Ba3 23. Rc2 Rc7 24. Qd2 Bb4 25. Qe2 Rdc8 26. Rdc1
Ba3 27. Rxc7 Rxc7 28. Rxc7 Qxc7 29. Nd3 Nd7 30. Qd2 Bd6
31. Qc3 Qd8 32. Nac5 Nxc5 33. dxc5 Bg3 34. Nf2 Bc7 35. b4 e5
36. Qb3 a6 37. e4 dxe4 38. Nxe4 Qd4+ 39. Kf1 Kf8 40. Qc3 Qd1+
41. Kf2 Qd5 42. Qd2 Qxd2+ 43. Nxd2 Ke7 44. Ke3 Ke6 45. Kd3 g6
46. Nc4 f5 1/2-1/2

[Event "Chess Olympiad (Women)"]
[Site "Khanty-Mansiysk RUS"]
[Date "2010.09.25"]
[EventDate "2010.09.21"]
[Round "5"]
[Result "1/2-1/2"]
[White "Jana Krivec"]
[Black "Anna Zatonskih"]
[WhiteElo "2309"]
[BlackElo "2480"]
[PlyCount "109"]

1. e4 e6 2. d4 d5 3. Nd2 dxe4 4. Nxe4 Nd7 5. Nf3 Ngf6 6. Nxf6+
Nxf6 7. Bd3 c5 8. O-O cxd4 9. Bb5+ Bd7 10. Bxd7+ Qxd7 11. Qxd4
Qxd4 12. Nxd4 Bc5 13. Nb3 Bb6 14. Bd2 Ne4 15. Ba5 Bxa5
16. Nxa5 O-O-O 17. Nb3 Nd6 18. Nd2 Rd7 19. Rfe1 Rhd8 20. Kf1
Nf5 21. Nf3 Nd4 22. Nxd4 Rxd4 23. Re2 R8d7 24. f3 Kd8 25. Ke1
Ke7 26. Rc1 g5 27. h3 h5 28. c3 Rd3 29. Rcc2 Rd1+ 30. Kf2 f6
31. c4 e5 32. c5 Rc7 33. b4 a5 34. a3 Rb1 35. Rb2 Rc1 36. Rec2
Ra1 37. Ra2 Rd1 38. bxa5 Rd4 39. Rab2 Ra4 40. Rb5 Rxa3
41. Rcb2 Ke6 42. Rxb7 Rxb7 43. Rxb7 Rxa5 44. Rb6+ Kf5 45. g4+
hxg4 46. hxg4+ Kg6 47. c6 Rc5 48. Ke3 f5 49. c7+ Kf7 50. gxf5
Rxc7 51. Ke4 Rc4+ 52. Kxe5 Rc5+ 53. Ke4 Rc4+ 54. Kd5 Rc3
55. Ke4 1/2-1/2

[Event "Chess Olympiad (Women)"]
[Site "Khanty-Mansiysk RUS"]
[Date "2010.09.27"]
[EventDate "2010.09.21"]
[Round "6"]
[Result "1-0"]
[White "Anna Zatonskih"]
[Black "Lela Javakhishvili"]
[WhiteElo "2480"]
[BlackElo "2451"]
[PlyCount "61"]

1. d4 Nf6 2. c4 e6 3. Nf3 b6 4. g3 Bb7 5. Bg2 Be7 6. O-O O-O
7. Nc3 Ne4 8. Qc2 Nxc3 9. Qxc3 c5 10. Rd1 d6 11. Qc2 Nc6
12. d5 exd5 13. cxd5 Nb4 14. Qd2 a5 15. e4 Bf6 16. a3 Na6
17. Qc2 Re8 18. Bf4 Rc8 19. Re1 Be5 20. Nxe5 dxe5 21. Bd2 c4
22. Bh3 Rc7 23. b3 Nc5 24. bxc4 Bc8 25. Bf1 Bd7 26. Rab1 Ba4
27. Qb2 Bb3 28. a4 Rb7 29. Be3 Qc7 30. Qa3 Bc2 31. Rb2 1-0

[Event "Chess Olympiad (Women)"]
[Site "Khanty-Mansiysk RUS"]
[Date "2010.09.28"]
[EventDate "2010.09.21"]
[Round "7"]
[Result "0-1"]
[White "Lilit Mkrtchian"]
[Black "Anna Zatonskih"]
[WhiteElo "2484"]
[BlackElo "2480"]
[PlyCount "114"]

1. d4 d5 2. c4 e6 3. Nc3 Be7 4. cxd5 exd5 5. Bf4 Nf6 6. e3 Bf5
7. Qb3 Nc6 8. a3 Na5 9. Qa2 O-O 10. Nf3 c5 11. dxc5 Bxc5
12. Na4 Be7 13. Nd4 Bg6 14. Be2 Rc8 15. O-O Nc4 16. Rfd1 a6
17. Bxc4 Rxc4 18. Nc3 b5 19. Rd2 Ne4 20. Nxe4 Bxe4 21. Be5 Qc8
22. Qb3 Re8 23. Bg3 Bf6 24. Qd1 h6 25. Bf4 Qb7 26. Qg4 Kh8
27. Rad1 b4 28. b3 Bxd4 29. exd4 Rc6 30. f3 Bc2 31. Ra1 bxa3
32. Rxa3 Bxb3 33. Ra1 Rce6 34. h4 Qb4 35. Kh2 a5 36. Rc1 Bc4
37. Rdd1 a4 38. Qh5 Qb7 39. Be5 f6 40. Bf4 a3 41. Rd2 Ra8
42. Qg6 a2 43. Ra1 Qe7 44. Rdd1 Re2 45. h5 Qe8 46. Qf5 Ra7
47. Rdc1 Rb7 48. Rg1 Kg8 49. Rgc1 Rbb2 50. Rg1 Qe6 51. Qg6 Qf7
52. Qg4 Bb5 53. Rac1 Bd7 54. Qh4 Be8 55. Kg3 Qxh5 56. Qxh5
Bxh5 57. Rc8+ Re8 0-1

[Event "Chess Olympiad (Women)"]
[Site "Khanty-Mansiysk RUS"]
[Date "2010.09.29"]
[EventDate "2010.09.21"]
[Round "8"]
[Result "1/2-1/2"]
[White "Anna Zatonskih"]
[Black "Olga Girya"]
[WhiteElo "2480"]
[BlackElo "2414"]
[PlyCount "107"]

1. d4 d5 2. c4 e6 3. Nf3 Nf6 4. e3 b6 5. Nc3 Bb7 6. Bd3 Nbd7
7. O-O a6 8. Qc2 dxc4 9. Bxc4 b5 10. Be2 c5 11. dxc5 Bxc5
12. a3 Rc8 13. Bd2 Bd6 14. Rac1 O-O 15. Rfd1 Ng4 16. h3 Nge5
17. Nxe5 Nxe5 18. e4 Qe7 19. Be3 Nc4 20. Bxc4 Rxc4 21. Rd4
Rfc8 22. Rxc4 Rxc4 23. Qd2 h6 24. f3 Be5 25. Ne2 Rxc1+
26. Nxc1 Qd6 27. Nd3 Bh2+ 28. Kf1 f5 29. exf5 exf5 30. Qc3 Bd5
31. Qc8+ Qf8 32. Qxf8+ Kxf8 33. Bf4 Bxf4 34. Nxf4 Bc4+ 35. Kf2
g5 36. Ne2 Ke7 37. f4 Kd6 38. Nd4 Bd3 39. Ke3 Bb1 40. b4 Kd5
41. Nf3 g4 42. Ne5 gxh3 43. gxh3 Bc2 44. h4 Bb1 45. Nd7 Kc4
46. Nb8 Kb3 47. Nxa6 Kxa3 48. Kd4 Kb3 49. Kc5 Kc3 50. Nc7 Kd3
51. Nxb5 Ke3 52. Nc3 Bd3 53. b5 Bxb5 54. Nxb5 1/2-1/2

[Event "Chess Olympiad (Women)"]
[Site "Khanty-Mansiysk RUS"]
[Date "2010.09.30"]
[EventDate "2010.09.21"]
[Round "9"]
[Result "1/2-1/2"]
[White "Anna-Maria Botsari"]
[Black "Anna Zatonskih"]
[WhiteElo "2302"]
[BlackElo "2480"]
[PlyCount "36"]

1. d4 d5 2. c4 e6 3. Nf3 Nf6 4. Nc3 Be7 5. Bg5 h6 6. Bh4 O-O
7. e3 Ne4 8. Bxe7 Qxe7 9. Rc1 Nxc3 10. Rxc3 c6 11. Qc2 Nd7
12. a3 dxc4 13. Bxc4 e5 14. Qe4 Re8 15. O-O exd4 16. Qxe7 Rxe7
17. Nxd4 Nf6 18. Rd1 Bd7 1/2-1/2

[Event "Chess Olympiad (Women)"]
[Site "Khanty-Mansiysk RUS"]
[Date "2010.10.01"]
[EventDate "2010.09.21"]
[Round "10"]
[Result "1-0"]
[White "Anna Zatonskih"]
[Black "Ann Chumpitaz"]
[WhiteElo "2480"]
[BlackElo "2150"]
[PlyCount "65"]

1. d4 Nf6 2. Bg5 e6 3. e4 Be7 4. Nd2 d5 5. e5 Nfd7 6. Be3 c5
7. c3 Nc6 8. Ngf3 O-O 9. Bd3 Qb6 10. Qb1 f5 11. exf6 Nxf6
12. O-O cxd4 13. Bxd4 Nxd4 14. cxd4 Bd7 15. Re1 Bb4 16. Re2
Rae8 17. a3 Bd6 18. b4 Bb5 19. Nb3 Bxd3 20. Qxd3 Ne4 21. Nc5
Bxc5 22. bxc5 Qc7 23. Ne5 Rf5 24. f3 Nxc5 25. Qb5 Rc8 26. Qxc5
Qxc5 27. dxc5 Rf4 28. Rb1 Ra4 29. Rxb7 Rxa3 30. c6 d4 31. Rd7
d3 32. Nxd3 Rxc6 33. Rd8+ 1-0

[Event "Frauenbundesliga 1st Div -11"]
[Site "Germany GER"]
[Date "2010.11.06"]
[EventDate "2010.11.06"]
[Round "1.3"]
[Result "0-1"]
[White "Irina Zakurdjaeva"]
[Black "Anna Zatonskih"]
[WhiteElo "2290"]
[BlackElo "2478"]
[PlyCount "130"]

1. e4 e6 2. d4 d5 3. Nc3 dxe4 4. Nxe4 Nd7 5. Nf3 Ngf6 6. Nxf6+
Nxf6 7. Bd3 c5 8. O-O cxd4 9. Nxd4 Be7 10. c3 O-O 11. Re1 a6
12. Bf4 Nd5 13. Be5 g6 14. Qf3 Bf6 15. Rad1 Bxe5 16. Rxe5 Qf6
17. Qxf6 Nxf6 18. Rc5 Rd8 19. Be2 b6 20. Rc6 Nd5 21. Bf3 Rb8
22. Bxd5 Rxd5 23. f4 Kf8 24. Re1 Rc5 25. b4 Rxc6 26. Nxc6 Rb7
27. Rd1 Rc7 28. Rd8+ Kg7 29. Rd6 Bb7 30. Ne5 Rxc3 31. Rxb6 Rc7
32. Nd3 Bd5 33. Nc5 a5 34. a3 axb4 35. axb4 Rc8 36. Kf2 Ra8
37. Ke3 Bxg2 38. b5 Bd5 39. Na6 Rc8 40. Nb4 Rc3+ 41. Kd2 Rh3
42. Nxd5 exd5 43. Rd6 Rxh2+ 44. Ke3 Rb2 45. Rxd5 h5 46. Kf3
Rb3+ 47. Kg2 Kf6 48. Rc5 Ke6 49. f5+ Kf6 50. fxg6 fxg6
51. Rc6+ Kf5 52. Rc5+ Kg4 53. Rc4+ Kg5 54. Rc5+ Kh6 55. Kh2 h4
56. Kg2 g5 57. Rc6+ Kh5 58. b6 Rb4 59. Kh2 Kg4 60. Kg2 h3+
61. Kh2 Rb2+ 62. Kg1 Kh4 63. Kh1 g4 64. Kg1 h2+ 65. Kh1 Kh3
0-1

[Event "Frauenbundesliga 1st Div -11"]
[Site "Germany GER"]
[Date "2010.11.07"]
[EventDate "2010.11.06"]
[Round "2.3"]
[Result "0-1"]
[White "Anna Zatonskih"]
[Black "Martina Korenova"]
[WhiteElo "2478"]
[BlackElo "2232"]
[PlyCount "88"]

1. d4 Nf6 2. c4 g6 3. g3 Bg7 4. Bg2 O-O 5. Nc3 d6 6. Nf3 Nbd7
7. O-O e5 8. e4 Re8 9. d5 a5 10. b3 Nc5 11. Ne1 Bg4 12. f3 Bd7
13. Be3 b6 14. a3 Nh5 15. b4 axb4 16. axb4 Rxa1 17. Qxa1 Nb3
18. Qd1 Nd4 19. Nc2 Nxc2 20. Qxc2 f5 21. Ne2 Nf6 22. h3 Qc8
23. Kh2 Qa6 24. Rb1 Ra8 25. Bf2 Bh6 26. Nc3 Qa3 27. c5 bxc5
28. bxc5 dxc5 29. Rb2 Ra5 30. Nb1 Qa1 31. Bxc5 fxe4 32. fxe4
Rb5 33. Rxb5 Bxb5 34. Ba3 Bd7 35. Qb3 Kf7 36. Qb4 g5 37. Nd2
g4 38. Qe7+ Kg6 39. Nc4 gxh3 40. Bb2 Ng4+ 41. Kxh3 Qg1 42. Kh4
Qxg2 43. Qxd7 Qh2+ 44. Kxg4 Qh5# 0-1

[Event "Women's World Chess Championship"]
[Site "Antakya TUR"]
[Date "2010.12.04"]
[EventDate "2010.12.04"]
[Round "1"]
[Result "0-1"]
[White "Maia Lomineishvili"]
[Black "Anna Zatonskih"]
[WhiteElo "2347"]
[BlackElo "2478"]
[PlyCount "92"]

1. e4 e6 2. d4 d5 3. Nc3 dxe4 4. Nxe4 Nd7 5. Nf3 Ngf6 6. Nxf6+
Nxf6 7. Bd3 c5 8. Be3 Nd5 9. Ne5 Bd6 10. Qh5 Qc7 11. O-O Nf6
12. Qg5 O-O 13. Rae1 Nd5 14. c4 Nxe3 15. Rxe3 f5 16. f4 cxd4
17. Re2 b6 18. Qh5 Bb7 19. Nf3 Rf6 20. Qh4 Rh6 21. Qe1 Bxf4
22. h3 Be3+ 23. Kh1 Rf8 24. Rxe3 dxe3 25. Qxe3 Qc5 26. Qe2
Bxf3 27. Rxf3 Rhf6 28. Re3 f4 29. Re5 Qd4 30. Re4 Qd6 31. Qf3
g6 32. Bc2 Kg7 33. Re2 Qd4 34. Bb3 Rd8 35. c5 bxc5 36. Bxe6
Kh8 37. Bb3 c4 38. Re4 Qd3 39. Rxc4 Qxf3 40. gxf3 Rd2 41. Rc8+
Kg7 42. Rc7+ Kf8 43. Rc8+ Ke7 44. Rc7+ Kd8 45. Rc5 Rxb2 46. h4
Rf5 0-1

[Event "Women's World Chess Championship"]
[Site "Antakya TUR"]
[Date "2010.12.05"]
[EventDate "2010.12.04"]
[Round "1.2"]
[Result "1-0"]
[White "Anna Zatonskih"]
[Black "Maia Lomineishvili"]
[WhiteElo "2478"]
[BlackElo "2347"]
[PlyCount "123"]

1. c4 g6 2. Nc3 Bg7 3. g3 c5 4. Bg2 Nc6 5. e4 e6 6. Nge2 Nge7
7. O-O O-O 8. d3 Nd4 9. Rb1 Nec6 10. a3 a5 11. b3 d6 12. Be3
f5 13. f4 Bd7 14. Qd2 Rb8 15. Kh1 Bf6 16. Bg1 Qe7 17. Rfe1 b6
18. Nxd4 Nxd4 19. exf5 gxf5 20. Nd5 Qf7 21. Nxf6+ Qxf6 22. b4
a4 23. bxc5 bxc5 24. Qa5 Nc2 25. Qc7 Qd8 26. Qxd6 Nxe1
27. Rxe1 Rb6 28. Qe5 Rb3 29. Bxc5 Rxd3 30. Bd4 Rxd4 31. Qxd4
Qc7 32. c5 Rc8 33. h3 Kf7 34. Qd1 h6 35. Kh2 Rb8 36. Qh5+ Kg7
37. c6 Bc8 38. Qd1 Kf7 39. Qxa4 Rb2 40. Qc4 Qb6 41. Re2 Rb1
42. h4 Qg1+ 43. Kh3 Rc1 44. Qd3 Rd1 45. Qe3 Qxe3 46. Rxe3 Ke7
47. Rb3 Ba6 48. Rc3 Kd8 49. c7+ Kc8 50. g4 fxg4+ 51. Kxg4 Rd2
52. Kg3 Rd3+ 53. Rxd3 Bxd3 54. Kf2 Kxc7 55. Ke3 Bb5 56. Kd4
Kd6 57. Bf3 Ba4 58. Be2 Bc6 59. Bd1 Bb5 60. a4 Bc6 61. Bb3 Bb7
62. Bc4 1-0

[Event "Women's World Chess Championship"]
[Site "Antakya TUR"]
[Date "2010.12.10"]
[EventDate "2010.12.04"]
[Round "3.1"]
[Result "0-1"]
[White "Anna Zatonskih"]
[Black "Koneru Humpy"]
[WhiteElo "2478"]
[BlackElo "2600"]
[PlyCount "90"]

1. d4 d5 2. c4 e6 3. Nf3 Nf6 4. g3 dxc4 5. Bg2 a6 6. Ne5 Bb4+
7. Nc3 Nd5 8. O-O O-O 9. Qc2 b5 10. Be4 Bb7 11. Bxh7+ Kh8
12. Be4 Bd6 13. b3 cxb3 14. axb3 Bxe5 15. dxe5 Nc6 16. Nxd5
exd5 17. Bg2 Nxe5 18. Ba3 Re8 19. Rfd1 c6 20. e4 Kg8 21. Rac1
Rc8 22. Bc5 Nd7 23. Bh3 Ra8 24. Ba3 Nf6 25. exd5 cxd5 26. Bb2
Ne4 27. Bd4 Ng5 28. Bg2 Rc8 29. Qb2 Rxc1 30. Qxc1 Ne6 31. Qd2
Nxd4 32. Qxd4 Qd7 33. h4 a5 34. Bf1 a4 35. bxa4 bxa4 36. Qc5
Rc8 37. Qd4 a3 38. Ra1 Ra8 39. h5 Qa4 40. Qb6 Qc6 41. Qd4 Ra4
42. Qe5 Re4 43. Qg5 d4 44. Rxa3 Re1 45. f3 Qc4 0-1

[Event "Women's World Chess Championship"]
[Site "Antakya TUR"]
[Date "2010.12.11"]
[EventDate "2010.12.04"]
[Round "3.2"]
[Result "1/2-1/2"]
[White "Koneru Humpy"]
[Black "Anna Zatonskih"]
[WhiteElo "2600"]
[BlackElo "2478"]
[PlyCount "28"]

1. d4 f5 2. Nf3 Nf6 3. g3 g6 4. Bg2 Bg7 5. O-O O-O 6. b3 d6
7. Bb2 Qe8 8. c4 c6 9. Re1 h6 10. Nbd2 g5 11. e4 fxe4 12. Nxe4
Nxe4 13. Rxe4 Bf5 14. Re3 Nd7 1/2-1/2

[Event "Tradewise Gibraltar"]
[Site "Catalan Bay GIB"]
[Date "2011.01.30"]
[EventDate "2011.01.25"]
[Round "6"]
[Result "0-1"]
[White "Francisco Javier Garcia Jimenez"]
[Black "Anna Zatonskih"]
[WhiteElo "2274"]
[BlackElo "2493"]
[PlyCount "42"]

1. e4 e6 2. d4 d5 3. exd5 exd5 4. Bd3 c5 5. Qe2+ Be7 6. dxc5
Nf6 7. Nf3 O-O 8. Be3 Nbd7 9. O-O Nxc5 10. Nbd2 Bg4 11. h3 Bh5
12. Bf5 Re8 13. Bxc5 Bxc5 14. Qb5 Bb6 15. Rfe1 Qd6 16. c3 Qf4
17. Bc2 Rad8 18. Rad1 Qc7 19. Rxe8+ Rxe8 20. Re1 Rxe1+
21. Nxe1 Qf4 0-1

[Event "Tradewise Gibraltar"]
[Site "Catalan Bay GIB"]
[Date "2011.02.01"]
[EventDate "2011.01.25"]
[Round "8"]
[Result "0-1"]
[White "Rafael Montero Melendez"]
[Black "Anna Zatonskih"]
[WhiteElo "2265"]
[BlackElo "2493"]
[PlyCount "120"]

1. c4 Nf6 2. g3 e6 3. Bg2 d5 4. d4 dxc4 5. Nf3 a6 6. O-O Nc6
7. a4 Be7 8. e3 Rb8 9. Nfd2 Na5 10. Qc2 c5 11. dxc5 Bxc5
12. Nxc4 Nxc4 13. Qxc4 Qe7 14. Bd2 O-O 15. b4 Bd6 16. b5 axb5
17. axb5 e5 18. Qa4 Be6 19. Rc1 Nd7 20. Nc3 Nc5 21. Qc2 Nb3
22. Nd5 Bxd5 23. Bxd5 Nxa1 24. Rxa1 Bb4 25. Bxb4 Qxb4 26. Rb1
Qd6 27. Rd1 Qb6 28. Qf5 Rbe8 29. Qd7 Rb8 30. h4 Qf6 31. Kg2 h5
32. Rd2 Rfd8 33. Qc7 Rdc8 34. Qd7 Rd8 35. Qc7 Rdc8 36. Qd7 g6
37. b6 Kg7 38. e4 Rd8 39. Qc7 Rdc8 40. Bxb7 Rxc7 41. bxc7 Rf8
42. c8=Q Rxc8 43. Bxc8 Qc6 44. Bh3 Qxe4+ 45. Kh2 Qe1 46. Ra2
f5 47. Bg2 e4 48. Kh3 Qg1 49. Rc2 Kf6 50. Rc6+ Kf7 51. Rc2 Ke6
52. Rc6+ Kf7 53. Rc2 Ke7 54. Ra2 Kd6 55. Ra6+ Kc5 56. Ra2 Kc4
57. Rc2+ Kd3 58. Ra2 Qb1 59. Ra6 Ke2 60. Rxg6 Kxf2 0-1

[Event "Tradewise Gibraltar"]
[Site "Catalan Bay GIB"]
[Date "2011.02.03"]
[EventDate "2011.01.25"]
[Round "10.27"]
[Result "0-1"]
[White "Rolf Bergstrom"]
[Black "Anna Zatonskih"]
[WhiteElo "2307"]
[BlackElo "2493"]
[PlyCount "94"]

1. e4 c6 2. d4 d5 3. exd5 cxd5 4. c4 Nf6 5. Nc3 e6 6. Nf3 Bb4
7. Qc2 Nc6 8. Bg5 h6 9. Bh4 O-O 10. Rd1 b6 11. a3 Be7 12. Bxf6
Bxf6 13. cxd5 exd5 14. Be2 Bg4 15. Qa4 Bxf3 16. Bxf3 b5
17. Nxb5 Qe8+ 18. Be2 Rb8 19. Nc3 Rxb2 20. O-O Nxd4 21. Rxd4
Qxa4 22. Rxa4 Bxc3 23. Bf3 d4 24. Rxa7 d3 25. a4 d2 26. Ra8
Rxa8 27. Bxa8 Rb4 28. Bc6 Rc4 29. Bb5 Re4 30. Bc6 Re1 31. Bf3
Kf8 32. h4 Ke7 33. h5 Kd6 34. g3 Kc5 35. Kg2 Kb4 36. Rh1 Rxh1
37. Kxh1 Kb3 38. Kg2 Kc2 39. g4 Ba5 40. Be2 d1=Q 41. Bxd1+
Kxd1 42. f4 Ke2 43. g5 f5 44. gxf6 gxf6 45. Kg3 Ke3 46. Kg4
Ke4 47. f5 Ke5 0-1

[Event "US Championship (Women)"]
[Site "St Louis, MO USA"]
[Date "2011.04.15"]
[EventDate "2011.04.15"]
[Round "1"]
[Result "1/2-1/2"]
[White "Anna Zatonskih"]
[Black "Alisa Melekhina"]
[WhiteElo "2499"]
[BlackElo "2304"]
[PlyCount "98"]

1. e4 e5 2. Nf3 Nc6 3. d4 d6 4. Nc3 Bg4 5. dxe5 dxe5 6. Qxd8+
Rxd8 7. Bb5 Bb4 8. Bxc6+ bxc6 9. Be3 Bxf3 10. gxf3 f5 11. exf5
Ne7 12. Bxa7 Nd5 13. a3 Bxc3+ 14. bxc3 Nxc3 15. Be3 O-O 16. f6
gxf6 17. Rg1+ Kf7 18. Bh6 Rg8 19. Rxg8 Rxg8 20. Kd2 Na4
21. Be3 Rg2 22. Rb1 Nb6 23. Ke2 Nd5 24. Rb7 Ke6 25. c4 Nxe3
26. Kxe3 Kd7 27. Rb1 Rxh2 28. Rg1 Rh4 29. Rg4 Rh1 30. Rg7+ Kc8
31. Rf7 Rh4 32. Rxf6 Rxc4 33. Rh6 Ra4 34. Rxh7 Rxa3+ 35. Ke4
Ra2 36. Kxe5 Rxf2 37. f4 c5 38. f5 c4 39. Rh3 Kd7 40. Rc3 Re2+
41. Kf4 Rf2+ 42. Kg4 Rg2+ 43. Kf3 Rg1 44. Rxc4 Ke7 45. Rc6 Kf7
46. Rxc7+ Kf6 47. Kf4 Rf1+ 48. Kg4 Rg1+ 49. Kf4 Rf1+ 1/2-1/2

[Event "US Championship (Women)"]
[Site "St Louis, MO USA"]
[Date "2011.04.16"]
[EventDate "2011.04.15"]
[Round "2"]
[Result "0-1"]
[White "Iryna Zenyuk"]
[Black "Anna Zatonskih"]
[WhiteElo "2245"]
[BlackElo "2499"]
[PlyCount "62"]

1. d4 Nf6 2. c4 e6 3. Nc3 Bb4 4. Bg5 c5 5. d5 h6 6. Bh4 O-O
7. e3 b5 8. Qc2 bxc4 9. Bxc4 g5 10. dxe6 Bxc3+ 11. Qxc3 d5
12. exf7+ Rxf7 13. O-O-O gxh4 14. Nf3 Be6 15. Ne5 Rg7 16. f4
Nbd7 17. f5 Nxe5 18. Qxe5 Bf7 19. e4 Rg4 20. Rhe1 Qb6 21. h3
Re8 22. Qxe8+ Nxe8 23. hxg4 dxc4 24. Re3 Nf6 25. e5 Nd5
26. Ra3 Nb4 27. Rd6 Qb7 28. e6 Nd3+ 29. Raxd3 cxd3 30. exf7+
Kxf7 31. Rxd3 Qxg2 0-1

[Event "US Championship (Women)"]
[Site "St Louis, MO USA"]
[Date "2011.04.18"]
[EventDate "2011.04.15"]
[Round "4"]
[Result "1-0"]
[White "Irina Krush"]
[Black "Anna Zatonskih"]
[WhiteElo "2472"]
[BlackElo "2499"]
[PlyCount "119"]

1. d4 d5 2. c4 e6 3. Nc3 Be7 4. cxd5 exd5 5. Bf4 Nf6 6. e3 Bf5
7. Qb3 Nc6 8. g4 Nxg4 9. Qxd5 Qxd5 10. Nxd5 O-O-O 11. Nxe7+
Nxe7 12. Nf3 Nd5 13. Bg3 Ngf6 14. Rc1 Ne4 15. Ne5 Rhf8 16. a3
f6 17. Nc4 Rfe8 18. Be2 Re7 19. Nd2 Nxg3 20. hxg3 Kb8 21. Nb1
Rd6 22. Nc3 Nxc3 23. Rxc3 h6 24. Kd2 Bd7 25. Bf3 Bf5 26. Rhc1
Rdd7 27. b4 Be4 28. Be2 Bg6 29. b5 Rd6 30. a4 Be8 31. Rc5 Bf7
32. Bf3 Be8 33. Bg4 a6 34. bxa6 Rxa6 35. a5 Rc6 36. f4 Rxc5
37. Rxc5 Bd7 38. Bf3 f5 39. Re5 Rxe5 40. dxe5 c6 41. Kc3 b6
42. axb6 Kb7 43. e4 Kxb6 44. Bh5 fxe4 45. Bf7 e3 46. e6 Bxe6
47. Bxe6 e2 48. Kd2 Kc5 49. Kxe2 Kd4 50. Kf3 c5 51. Kg4 Ke4
52. Bb3 Ke3 53. Kf5 Kf3 54. g4 Kg3 55. Bd5 g6+ 56. Kxg6 Kxf4
57. Kh5 Ke5 58. Bf3 c4 59. Kxh6 c3 60. Bd1 1-0

[Event "US Championship (Women)"]
[Site "St Louis, MO USA"]
[Date "2011.04.19"]
[EventDate "2011.04.15"]
[Round "5"]
[Result "0-1"]
[White "Anna Zatonskih"]
[Black "Tatev Abrahamyan"]
[WhiteElo "2499"]
[BlackElo "2326"]
[PlyCount "140"]

1. d4 Nf6 2. Nf3 g6 3. c4 Bg7 4. Nc3 O-O 5. g3 d6 6. Bg2 Nc6
7. O-O a6 8. b3 Rb8 9. Nd5 Bg4 10. Bb2 e6 11. Ne3 Bxf3
12. Bxf3 e5 13. Bxc6 bxc6 14. dxe5 Nd7 15. c5 dxe5 16. Qd2
Nxc5 17. Qc2 Ne6 18. Qxc6 Rb6 19. Qc4 Nd4 20. Rfd1 Qa8 21. Nd5
Rd6 22. e4 c6 23. Ne3 Rfd8 24. Kg2 Qb7 25. Rac1 Kh8 26. Qc5
Qb5 27. Rd2 h6 28. Qc4 Qb7 29. Rcd1 f5 30. Bxd4 Rxd4 31. Qe2
c5 32. Nc4 fxe4 33. Kg1 h5 34. Re1 Qb4 35. Rxd4 Rxd4 36. Rc1
Kh7 37. Rc2 a5 38. Ne3 Bh6 39. Nc4 a4 40. bxa4 Qb1+ 41. Kg2
Rd1 42. Qxe4 Re1 43. Qd3 Bg7 44. Qd7 e4 45. Rb2 Rg1+ 46. Kh3
Qf1+ 47. Kh4 Qxc4 48. Rb6 e3+ 49. f4 e2 50. Rxg6 Kxg6 51. Qe8+
Qf7 52. f5+ Kh7 53. Qxf7 e1=Q 54. Qg6+ Kh8 55. f6 Bxf6+
56. Qxf6+ Kg8 57. Qg5+ Kf7 58. Qf5+ Ke7 59. Qxc5+ Ke6 60. Qc4+
Ke5 61. Qc5+ Ke4 62. Qc4+ Kf3 63. Qd3+ Qe3 64. Qf5+ Kg2
65. Kxh5 Rf1 66. Qg4 Qe5+ 67. Kh4 Rf8 68. Qh5 Qe4+ 69. g4 Qe7+
70. g5 Qf7 0-1

[Event "US Championship (Women)"]
[Site "St Louis, MO USA"]
[Date "2011.04.20"]
[EventDate "2011.04.15"]
[Round "6"]
[Result "0-1"]
[White "Rusudan Goletiani"]
[Black "Anna Zatonskih"]
[WhiteElo "2367"]
[BlackElo "2499"]
[PlyCount "82"]

1. c4 e6 2. g3 d5 3. Bg2 Nf6 4. Nf3 dxc4 5. Qa4+ Nbd7 6. Qxc4
a6 7. Qc2 c5 8. b3 Rb8 9. Bb2 b6 10. O-O Bb7 11. d3 Bd6
12. Nbd2 O-O 13. Nc4 Bc7 14. e4 Re8 15. Rad1 e5 16. Qc1 h6
17. Qa1 Qe7 18. Nh4 b5 19. Nf5 Qf8 20. Nce3 g6 21. Nh4 Nh5
22. Ng4 Nhf6 23. Nxf6+ Nxf6 24. f4 Qe7 25. Qc1 exf4 26. gxf4
Nh5 27. Qc3 Kh7 28. Bf3 b4 29. Qc4 Nxf4 30. Bg4 Rf8 31. Ng2
Nxg2 32. Kxg2 f5 33. Bf3 Rbe8 34. Kh1 Bd6 35. exf5 Rxf5
36. Be4 Ref8 37. Rxf5 gxf5 38. Rg1 fxe4 39. Rg7+ Qxg7 40. Bxg7
e3+ 41. Kg1 e2 0-1

[Event "US Championship (Women)"]
[Site "St Louis, MO USA"]
[Date "2011.04.21"]
[EventDate "2011.04.15"]
[Round "7"]
[Result "1-0"]
[White "Anna Zatonskih"]
[Black "Sabina-Francesca Foisor"]
[WhiteElo "2499"]
[BlackElo "2350"]
[PlyCount "93"]

1. e4 c5 2. Nf3 e6 3. d3 d5 4. Nbd2 Nc6 5. g3 Nf6 6. Bg2 Be7
7. O-O Qc7 8. Re1 b5 9. exd5 Nxd5 10. c4 bxc4 11. dxc4 Nb6
12. Qe2 Bb7 13. Nb3 Rd8 14. Bf4 Qc8 15. Ng5 Bxg5 16. Bxg5 Nd4
17. Nxd4 Rxd4 18. Bxb7 Qxb7 19. Be3 Re4 20. b3 O-O 21. f3 Re5
22. f4 Re4 23. Qf2 Nd7 24. Bxc5 Nxc5 25. Qxc5 Rxe1+ 26. Rxe1
Rd8 27. Qe3 g6 28. c5 a5 29. Rc1 Qc6 30. Qc3 Qe4 31. c6 Rd3
32. Qe5 Qf3 33. c7 Rd1+ 34. Rxd1 Qxd1+ 35. Kf2 Qc2+ 36. Ke3
Qc6 37. Kd3 f6 38. Qc3 Qd7+ 39. Kc2 Qc8 40. Qxa5 Kf7 41. Qa7
e5 42. Kb2 Qd7 43. Qc5 Qc8 44. fxe5 fxe5 45. Qd5+ Ke7
46. Qxe5+ Kd7 47. Qd5+ 1-0